[Event "Memorial Jorge Szmetan 2017"]
[Site "Buenos Aires"]
[Date "2017.04.25"]
[Round "9"]
[White "Pichot, Alan"]
[Black "Sosa, Tomas"]
[Result "1/2-1/2"]
[WhiteElo "2556"]
[BlackElo "2459"]
[Annotator "TA"]
[PlyCount "145"]
[EventDate "2017.04.17"]
[EventType "tourn"]
[EventCountry "ARG"]
[SourceTitle "playchess.com"]
[Source "ChessBase"]
[SourceQuality "1"]

{[%evp 29,145,39,33,26,31,31,37,31,33,19,20,32,27,21,35,0,30,31,43,39,47,45,48,39,47,37,44,28,31,16,23,-8,0,0,17,0,0,0,0,0,0,0,10,0,18,0,4,-2,-5,-39,-47,-62,-63,-75,-76,-75,-76,-81,-64,-77,-76,-75,-67,-106,-104,-184,-175,-177,-184,-177,-177,-216,-215,-209,-208,-267,-267,-270,-256,-257,-177,-212,-186,-226,-90,-85,-34,-42,-27,-35,-35,-35,-35,-35,-35,-35,-35,-37,-42,-43,-37,-48,-25,-87,-88,-95,-87,-102,-88,-100,-93,-100,-95,-102,-104,-96,-95,-101]} 1. e4 c5 2. Nf3 Nc6 3. d4 cxd4 4. Nxd4 g6 5. c4 Nf6 6. Nc3 d6 7. Be2 Nxd4 8. Qxd4 Bg7 9. Be3 O-O 10. Qd2 Be6 11. Rc1 Qa5 12. f3 Rfc8 13. b3 Rab8 {B36: Sicilian: Maroczy Bind: Gurgenidze System} 14. Nb5 Qxd2+ 15. Kxd2 a6 {LiveBook: 3 Games. White is slightly better.} 16. Nd4 Bd7 17. Rhd1 {[#]} Ne8 $146 (17... Kf8 18. Ke1 Be8 19. Nc2 Nd7 20. Nb4 Nc5 21. Nd5 {½-½ (49) Swiercz,D (2654)-Zvjaginsev,V (2659) Tromsoe 2013}) 18. Ke1 Nc7 19. c5 Ne8 20. b4 Ba4 21. Rd3 Ra8 22. Rdc3 dxc5 23. bxc5 Bxd4 24. Bxd4 Nc7 25. Be3 Rd8 26. Rb1 Bc6 27. Rb6 Rd7 28. Rd3 (28. Rcb3 $5 {feels hotter.} Rc8 29. Kf2 e5 30. h4 Na8 31. R6b4) 28... Rad8 29. Rxd7 Rxd7 30. a4 Kg7 31. Bc4 e5 32. g4 f5 33. gxf5 gxf5 34. h4 fxe4 35. fxe4 Na8 (35... Bxe4 $2 36. Bh6+ Kh8 37. Rf6 $18) 36. Rb4 a5 37. Rb3 {aiming for Bd5.} Bxe4 38. h5 Nc7 39. Bd2 Rd4 40. Rg3+ Kf6 41. Bg5+ Kf5 42. Bg8 Rd7 ({But not} 42... Rxa4 $6 43. h6 (43. Bxh7+ Ke6 44. Bg8+ Kd7 $11) 43... Nd5 44. Bxh7+ Ke6 45. Bg8+ Kd7 46. Bxd5 Ra1+ 47. Ke2 Bxd5 48. Rh3 $14 (48. Rd3 Kc6 49. Rh3 Be4 $11)) 43. Bd2 Ne6 44. h6 Nxc5 45. Bxa5 Kf6 46. Bd2 Nxa4 47. Bb4 {[#]} (47. Bg5+ $17 Kf5 48. Bh4) 47... Nb2 $1 $19 {[%cal Rb2d3]} 48. Bf8 Nd3+ 49. Kf1 {[#]} Bg6 $1 50. Bg7+ Kf5 51. Bc4 Nf4 52. Re3 e4 53. Ra3 Rd2 54. Rg3 Nh5 55. Rb3 Kf4 56. Ke1 Rd7 (56... e3 $19 {is more deadly. Strongly threatening ...Bc2.} 57. Be2 Ng3 58. Be5+ Kxe5 59. Rxe3+ Ne4 60. Rxe4+ Kxe4 61. Kxd2 Kf4) 57. Bb2 $17 e3 (57... Bf7 $17 58. Bc1+ Kg4 59. Be2+ Kh4) 58. Bc1 $15 Re7 {[#]} (58... Bc2 $5 {is interesting.} 59. Bxe3+ Ke4 60. Rb2 Kxe3 61. Rxc2 Rc7) 59. Rxe3 $1 {[%mdl 512]} Rxe3+ 60. Kf2 Nf6 61. Bxe3+ {[%mdl 4096] Endgame KBB-KBN} Ke5 {Threatens to win with ...Ng4+.} 62. Ke2 Ne4 63. Kf3 Bh5+ 64. Kg2 Be8 65. Bd3 b5 {[%cal Bb7b5,Bb5b4,Bb4b3][%mdl 32]} 66. Bxe4 (66. Ba7 $11) 66... Kxe4 $11 {KB-KB. Black is better.} 67. Bd2 Kd3 68. Ba5 Kc4 {And now ...b4 would win.} 69. Kf2 b4 {Hoping for ...b3.} 70. Ke1 Kb3 71. Kd2 Ka3 {White must now prevent ...b3.} 72. Kc1 b3 {...b2+ is the strong threat.} 73. Bc3 1/2-1/2

[Event "Memorial Jorge Szmetan 2017"]
[Site "Buenos Aires"]
[Date "2017.04.25"]
[Round "9"]
[White "Morovic Fernandez, Ivan"]
[Black "Granda Zuniga, Julio E"]
[Result "1/2-1/2"]
[WhiteElo "2527"]
[BlackElo "2658"]
[Annotator "TA"]
[PlyCount "87"]
[EventDate "2017.04.17"]
[EventType "tourn"]
[EventCountry "ARG"]
[SourceTitle "playchess.com"]
[Source "ChessBase"]
[SourceQuality "1"]

{[%evp 12,87,0,-3,5,-17,-17,-21,-24,-20,-15,-17,-9,-11,-6,-22,-6,-27,-16,-16,-24,-37,-22,-25,-24,-31,-27,-57,-35,-35,-35,-35,-23,-23,-35,-35,0,-26,0,0,0,0,0,0,0,0,0,0,0,0,0,0,0,-11,-4,-11,-11,-11,-11,-11,-11,-21,-11,-11,0,-18,0,0,0,0,0,0,0,0,0,0,0,0]} 1. d4 Nf6 2. Nf3 e6 3. e3 b6 4. Bd3 Bb7 5. Nbd2 d5 {[%cal Bd7d5,Bd5e4][%mdl 32]} 6. Ne5 Be7 7. f4 {LiveBook: 4 Games. D05: Colle System with ...e6} Ne4 (7... O-O 8. Qf3 Nfd7 9. Qh3 f5 10. Nxd7 Qxd7 11. c3 a5 12. a4 Ba6 13. Bc2 c5 14. Nf3 Nc6 {1-0 (49) Szabo,G (2525)-Arnaudov,P (2404) Albena 2010}) 8. Nxe4 $146 (8. Qf3 $5 {is more complex.} Nd6 9. b3 Nc6 10. Nxc6 Bxc6 11. O-O) (8. Qf3 Nf6 9. O-O g6 10. c3 O-O 11. g4 Nbd7 12. Qh3 Nxe5 13. fxe5 Ne4 14. Nf3 Kg7 {0-1 (52) Thieme,H (1978)-Rabaev,S (1901) Berlin Pankow 2005}) 8... dxe4 9. Bb5+ c6 10. Bc4 {[#] aiming for f5!} Nd7 11. O-O O-O 12. a4 c5 13. c3 Rc8 14. Qe2 Qc7 {Strongly threatening ...cxd4.} (14... Bd5 $5 {is interesting.} 15. Ba6 Rc7 16. c4 Ba8 17. Rd1 cxd4 18. exd4 Nb8) 15. Nxd7 Qxd7 16. Rd1 Rfd8 17. a5 Bc6 18. axb6 axb6 19. Bb3 b5 20. Bd2 c4 21. Bc2 Bd5 22. Ra5 Qb7 23. Rda1 Rc7 24. b4 cxb3 {[#]} 25. Bxb3 $1 {[%mdl 512] The position is equal.} Rb8 ({Don't play} 25... Bxb3 $6 26. Rxb5 Ra8 27. Rxa8+ Qxa8 28. Rxb3 $16) 26. Rb1 Qb6 27. Ra2 Qc6 28. Rab2 Rcb7 29. Be1 Bd6 30. h3 g6 31. g4 Bc7 32. g5 h6 33. h4 h5 34. Kh2 Rb6 35. Kg3 Kf8 {[%cal Bg8f8,Bf8e8,Be8d7][%mdl 32]} 36. Bd2 Ke8 37. Be1 Kd7 38. Bd2 Bc4 39. Bxc4 bxc4 40. Rb4 Qd5 41. Ra1 Rc6 42. Rxb8 Bxb8 43. Be1 Bc7 44. Ra4 1/2-1/2

[Event "Memorial Jorge Szmetan 2017"]
[Site "Buenos Aires"]
[Date "2017.04.25"]
[Round "9"]
[White "Hoffman, Alejandro"]
[Black "Bachmann, Axel"]
[Result "1/2-1/2"]
[WhiteElo "2488"]
[BlackElo "2646"]
[Annotator "TA"]
[PlyCount "87"]
[EventDate "2017.04.17"]
[EventType "tourn"]
[EventCountry "ARG"]
[SourceTitle "playchess.com"]
[Source "ChessBase"]
[SourceQuality "1"]

{[%evp 16,87,49,31,92,91,91,79,101,79,95,43,55,47,83,83,68,56,51,45,45,62,56,36,43,37,60,-4,131,130,130,129,122,125,188,198,310,281,276,149,149,138,142,139,163,135,166,160,159,113,188,0,0,0,288,291,288,288,418,403,417,402,381,381,412,392,392,370,356,337,365,0,319,0]} 1. d4 Nf6 2. c4 g6 3. Nc3 d6 4. e4 Nbd7 5. f3 e5 6. Nge2 c6 7. Be3 Bg7 8. Qd2 O-O 9. d5 {LiveBook: 216 Games} c5 {E86: King's Indian: Sämisch: 6...e5 7 Nge2 c6} (9... cxd5 $14 10. cxd5 (10. exd5 e4 $11) 10... a6) (9... cxd5 10. cxd5 a6 11. g4 h5 12. g5 Nh7 13. Nc1 f6 14. gxf6 Rxf6 15. Be2 Nc5 16. b4 Nd7 17. Nb3 Rf4 18. O-O-O Qf6 19. Kb1 Ng5 20. Bxf4 exf4 {1-0 (44) Bocharov,D (2602)-Fedorov,A (2565) Voronezh 2016}) 10. Ng3 h5 11. Bd3 a6 {White is better.} 12. a4 $146 (12. O-O Nh7 13. a3 h4 14. Nge2 f5 15. f4 h3 16. g3 Qe8 17. exf5 gxf5 18. fxe5 Nxe5 {½-½ (54) Bullerkotte,F-Tabernet,C CServe email 1997}) 12... Nh7 13. O-O ({White should play} 13. b3 $16) 13... Bf6 14. a5 Bg5 15. Bxg5 Nxg5 16. Na4 h4 17. Ne2 Rb8 18. b4 b5 19. axb6 $1 {[#] Threatens to win with bxc5.} cxb4 20. Qxb4 Nxb6 21. Rab1 (21. Nxb6 $14 Rxb6 22. Qc3) 21... Nxa4 (21... a5 $11 {keeps the balance.} 22. Qxa5 h3) 22. Qxb8 $16 h3 {White must now prevent ...hxg2.} 23. g3 Nc5 24. Bc2 Qf6 (24... a5 $16) 25. Qb4 $18 Nxf3+ (25... Qe7 $142 26. Qc3 f5 27. exf5 Bxf5 28. Bxf5 gxf5) 26. Kh1 g5 {[#]} 27. Ng1 (27. g4 $1 $18) 27... g4 $16 28. Qc3 Qg5 29. Nxf3 gxf3 30. Qxf3 Bg4 31. Qf6 Qd2 {[%csl Gh3][%cal Rd2g2]} 32. Rf2 Qe3 (32... Be2 $16 {was worth a try.}) 33. Rf4 $2 (33. Kg1 $18) 33... Bh5 $11 34. Rg1 ({Don't take} 34. Qg5+ $2 Bg6 35. Rbf1 (35. Rf5 $2 Qe2 36. Rg1 Qxc2 $19) 35... exf4 $19) 34... Rb8 $2 {[%mdl 8192]} (34... exf4 $11 35. gxf4+ Bg6 36. Rxg6+ fxg6 37. Qxg6+ Kh8 38. Qh6+ Kg8 39. Qg6+ Kh8 40. Qh6+ Kg8 41. Qg6+) 35. g4 $18 Bg6 36. Rf3 (36. Qxd6 exf4 37. Qxb8+ Kh7 38. Qh8+ Kxh8 39. Rg3 fxg3 40. hxg3 Qxg3 41. Bd1 Qg2#) 36... Qe2 (36... Qh6 $142) 37. Rxh3 {[%csl Gf6][%cal Rh3h8]} Bxe4+ 38. Bxe4 Qxe4+ 39. Rf3 Rb7 40. Qd8+ Kh7 41. Qh4+ Kg8 42. Qg5+ Kh8 43. Qf6+ Kg8 44. Qg5+ $2 (44. g5 $18 {g6 is the strong threat.} Nd3 45. Qf5 (45. Qd8+ Kh7 46. Rgf1 Ne1 $17) 45... Qxf5 46. Rxf5) 1/2-1/2

[Event "Memorial Jorge Szmetan 2017"]
[Site "Buenos Aires"]
[Date "2017.04.25"]
[Round "9"]
[White "Slipak, Sergio"]
[Black "Garcia Palermo, Carlos"]
[Result "1/2-1/2"]
[WhiteElo "2465"]
[BlackElo "2450"]
[Annotator "TA"]
[PlyCount "44"]
[EventDate "2017.04.17"]
[EventType "tourn"]
[EventCountry "ARG"]
[SourceTitle "playchess.com"]
[Source "ChessBase"]
[SourceQuality "1"]

{[%evp 11,44,14,15,0,15,31,28,4,4,4,4,16,10,12,7,0,8,0,31,48,87,38,24,13,12,8,20,7,9,7,8,11,61,57,60]} 1. d4 Nf6 2. c4 e6 3. Nc3 Bb4 4. Bd2 c5 5. a3 Bxc3 6. Bxc3 Ne4 {LiveBook: 4 Games. E20: Nimzo-Indian: 4 g3 and 4 f3} 7. Rc1 (7. Qc2 Nxc3 8. Qxc3 cxd4 9. Qxd4 O-O 10. Nf3 Nc6 11. Qd2 Na5 12. Qc3 b6 13. b4 Nc6 14. e3 {½-½ (44) Miljkovic,M (2445)-Pikula,D (2568) Sombor 2009}) 7... Qf6 $146 {[%csl Ge4][%cal Rf6f2] [#]} (7... Nxc3 8. Rxc3 Qb6 9. e3 d6 10. Ne2 Nd7 11. g3 Nf6 12. Bg2 O-O 13. O-O e5 14. Rb3 {1-0 (52) Certic,B (2396)-Drazic,S (2463) Belgrade 2003}) 8. Nf3 b6 9. dxc5 (9. d5 $5 {creates asymmetry.} Nxc3 10. Rxc3 O-O 11. e4 d6 12. Be2) 9... Nxc3 10. Rxc3 {With the idea cxb6.} bxc5 11. g3 Nc6 12. Bg2 O-O 13. O-O Rb8 14. Rb3 Rxb3 15. Qxb3 Ba6 16. Qa4 Bb7 17. b4 cxb4 18. axb4 {Threatens to win with b5.} Qc3 $1 19. Rd1 Nxb4 20. Qxd7 Bc6 21. Qxa7 Bxf3 22. Bxf3 Qxc4 1/2-1/2

[Event "Memorial Jorge Szmetan 2017"]
[Site "Buenos Aires"]
[Date "2017.04.25"]
[Round "9"]
[White "Van Riemsdijk, Herman C"]
[Black "Darcyl, Tomas"]
[Result "1-0"]
[WhiteElo "2318"]
[BlackElo "2405"]
[Annotator "TA"]
[PlyCount "91"]
[EventDate "2017.04.17"]
[EventType "tourn"]
[EventCountry "ARG"]
[SourceTitle "playchess.com"]
[Source "ChessBase"]
[SourceQuality "1"]

{[%evp 12,91,26,24,74,72,129,118,122,119,132,119,235,84,94,90,90,91,170,75,64,65,66,67,129,120,139,93,112,108,114,96,95,93,129,134,127,126,117,108,110,117,150,134,161,148,150,155,145,134,131,125,314,300,321,244,414,245,288,288,285,272,579,569,549,549,522,484,569,610,619,444,1104,1041,2119,2125,1937,1777,1192,933,29980,29981]} 1. e4 {[%cal Be2e4,Be4e5][%mdl 32]} Nf6 2. e5 Nd5 3. d4 {[%cal Bd2d4,Bd4d5,Bd5c6][%mdl 32]} d6 4. Nf3 Nc6 5. c4 Nb6 6. Be2 dxe5 {B04: Alekhine's Defence: 4 Nf3} 7. d5 {LiveBook: 5 Games} (7. Nxe5 Nxd4 8. Be3 c5 $17) (7. dxe5 Qxd1+ 8. Bxd1 Nxc4 $17) 7... e4 $146 (7... Nb8 8. Nxe5 e6 9. O-O Be7 10. Nc3 exd5 11. cxd5 O-O 12. Bd3 N8d7 13. Nxd7 Bxd7 {½-½ (34) Oparin,G (2564)-Spraggett,K (2545) Linares 2015}) 8. dxc6 {Strongly threatening Qxd8+.} Qxd1+ (8... exf3 $142 9. Qxd8+ (9. Bxf3 Qxd1+ 10. Kxd1 Rb8 $14) 9... Kxd8 10. Bxf3 bxc6) 9. Bxd1 $16 {And now c5 would win.} exf3 10. Bxf3 Rb8 11. Bf4 Kd8 (11... Na8 $16 {was worth a try.} 12. Nc3 f6) 12. Na3 $2 (12. c5 $1 $18 {[%cal Rc5b6]} Na8 13. Na3) 12... bxc6 13. O-O-O+ Bd7 14. Bxc6 $1 Kc8 (14... e5 $16) 15. Bxd7+ (15. Rxd7 $1 $18 {is the precise move to win.} Nxd7 16. Rd1) 15... Nxd7 16. Nb5 Rb7 $1 17. Be3 c5 (17... c6 $14) 18. Rd2 g6 19. Nc3 Bg7 20. Ne4 Rc7 21. b3 h6 22. g4 f5 23. gxf5 gxf5 24. Ng3 e6 25. Nh5 Be5 26. f4 Bc3 27. Rd3 Nf6 {[#]} 28. Nxf6 $1 ({Don't play} 28. Rxc3 $6 Nxh5 29. Rg1 Nf6 $14) 28... Bxf6 29. Rd6 Rg8 30. Rxe6 Rg6 31. Kb1 {aiming for Rd1.} Kd7 $2 (31... Re7 $16 {was called for.} 32. Rxe7 Bxe7) 32. Ra6 $18 Ke7 33. Rg1 ({Don't take} 33. Rxa7 $6 Rxa7 34. Bxc5+ Kf7 35. Bxa7 Rg2 $18) 33... Rg4 $2 (33... Rxg1+ 34. Bxg1 Kf7) 34. h3 (34. Rxg4 $142 fxg4 {[#]} 35. Rxa7 $1 {[%mdl 512]} Rxa7 36. Bxc5+ Kd7 37. Bxa7) 34... Rh4 35. Rg3 Kf7 36. Kc2 Bd4 $2 (36... Be7 {is more resistant.} 37. Rf3 Rh5) 37. Bxd4 cxd4 {[%mdl 4096] Endgame KRR-KRR} 38. Rf3 Re7 39. Kd3 Re4 40. Rxa7+ Kf6 41. Ra6+ Kg7 (41... Ke7 $142 42. b4 Rexf4 43. Rxf4 Rxf4 44. Rxh6 Rf2) 42. c5 {[%cal Bc4c5,Bc5c6][%mdl 32]} Rhxf4 43. Rxf4 Rxf4 44. c6 {Intending c7 and mate.} Rf1 45. Ra4 Rd1+ 46. Ke2 1-0

[Event "Memorial Jorge Szmetan 2017"]
[Site "Buenos Aires"]
[Date "2017.04.26"]
[Round "10"]
[White "Granda Zuniga, Julio E"]
[Black "Garcia Palermo, Carlos"]
[Result "1-0"]
[WhiteElo "2658"]
[BlackElo "2450"]
[Annotator "TA"]
[PlyCount "77"]
[EventDate "2017.04.17"]
[EventType "tourn"]
[EventCountry "ARG"]
[SourceTitle "playchess.com"]
[Source "ChessBase"]
[SourceQuality "1"]

{[%evp 13,77,29,34,25,22,0,18,-4,0,-19,11,0,0,4,58,56,55,52,49,46,52,53,49,26,29,2,60,72,60,49,49,43,70,51,72,57,95,89,81,86,150,148,155,127,129,122,242,246,272,294,287,211,211,213,233,233,339,325,329,327,361,354,458,445,473,473]} 1. e4 c6 2. d4 d5 3. e5 Bf5 4. Nf3 e6 5. Be2 Nd7 6. O-O Bb4 {B12: Caro-Kann: Advance Variation} 7. c3 Ba5 {LiveBook: 24 Games} 8. Na3 (8. Nbd2 Bc7 9. Re1 h6 10. Nf1 c5 11. Ng3 Bg6 12. b4 c4 13. a4 Ne7 14. Nh4 {1-0 (27) Anand,V (2779)-Mamedyarov,S (2768) Doha 2016}) 8... Bc7 $146 {White has an edge.} (8... Ne7 9. Nc2 O-O 10. Ne3 Be4 11. Ng5 Bg6 12. f4 Re8 13. Bd3 Bxd3 14. Qxd3 {1-0 (24) Louro,O-MacNair,A UECC email 1998}) 9. Bf4 h6 10. Qd2 Ne7 11. Rae1 g5 12. Bg3 Ng6 {White must now prevent ...g4.} 13. h3 g4 ({Better is} 13... f6 $11) 14. hxg4 $14 Bxg4 15. c4 $1 Nb6 16. c5 Nd7 17. Nc2 Bxf3 18. Bxf3 Qg5 19. Qe3 Nh4 (19... Ne7 $11) 20. Bxh4 Qxh4 21. g3 $36 {[%mdl 2048] White has good play.} Qg5 22. Kg2 b6 23. b4 {[%cal Bb2b4,Bb4b5,Bb5c6][%mdl 32]} a5 24. b5 Qxe3 25. fxe3 bxc5 26. bxc6 Nb6 (26... Nb8 $142) 27. Na3 $16 (27. dxc5 Nc4 $14) 27... Rc8 28. Rb1 ({Much weaker is} 28. dxc5 $6 Nc4 29. Nxc4 dxc4 $11) 28... Bd8 29. dxc5 Na4 (29... Nc4 $16 30. Nxc4 dxc4) 30. Rfc1 $1 $18 {And now Bd1 would win.} Be7 {With the idea ...0-0.} 31. Nb5 {Hoping for Nd6+.} O-O 32. Nd6 Rxc6 {[#]} 33. Bd1 $1 {[%cal Rd1a4]} Nxc5 {[#]} 34. Rb5 $1 {[%csl LRa5,LRc5]} Bxd6 (34... Rfc8 {is a better defense.}) 35. exd6 Rxd6 36. Rcxc5 ({Resist} 36. Rbxc5 Ra6 37. Rb5 Kg7 $18) 36... f5 37. a4 d4 38. exd4 ({Not} 38. Rxa5 d3 39. Rc7 Rf7 $18) 38... Rxd4 39. Bb3 1-0

[Event "Memorial Jorge Szmetan 2017"]
[Site "Buenos Aires"]
[Date "2017.04.26"]
[Round "10"]
[White "Bachmann, Axel"]
[Black "Mareco, Sandro"]
[Result "1-0"]
[WhiteElo "2646"]
[BlackElo "2655"]
[Annotator "TA"]
[PlyCount "117"]
[EventDate "2017.04.17"]
[EventType "tourn"]
[EventCountry "ARG"]
[SourceTitle "playchess.com"]
[Source "ChessBase"]
[SourceQuality "1"]

{[%evp 16,117,0,0,-13,-13,0,0,0,-2,8,0,0,0,0,0,0,-15,-14,-18,0,-27,-35,-41,-16,-14,-6,0,-2,-21,0,-14,-6,-8,-14,-19,5,5,5,18,27,-3,0,4,248,227,399,395,411,409,371,402,379,415,399,398,395,324,336,340,324,291,300,270,485,495,488,477,637,589,711,712,764,747,851,868,684,594,1207,1137,29968,29969,29966,0,1139,0,29965,29964,29962,29958,29952,12814,7026,7026,29977,29977,29976,29977,29977,29979,29982,29983,29982,29983]} 1. d4 Nf6 2. Nf3 e6 3. Bf4 b6 4. e3 Bb7 5. c4 Be7 6. h3 d5 7. Nc3 O-O 8. Be2 {E12: Queen's Indian: Unusual White 4th moves, 4 a3, 4 Nc3 Bb7 5 a3 and 4 Nc3 Bb7} (8. cxd5 exd5 9. Bd3 c5 10. Rc1 Nbd7 11. Ne5 cxd4 12. exd4 Ne4 13. O-O Rc8 14. Re1 Ndf6 15. Qb3 Nh5 16. Bh2 Bg5 {1-0 (68) Gorovets,A (2532)-Hevia Alejano,C (2534) Brownsville 2016}) 8... dxc4 9. Bxc4 {LiveBook: 6 Games} a6 10. a4 {The position is equal.} c5 11. O-O cxd4 $146 (11... Nbd7 12. Bg3 Nh5 {1-0 (32) Htet,N-Tun,N Yangon 2014}) 12. Nxd4 Nbd7 {[%cal Bb8d7,Bd7c5,Bc5b7,Bb7a5][%mdl 32] White must now prevent ...e5.} 13. Nf3 Ra7 14. Qe2 Qa8 15. Rfd1 Rc8 16. Rac1 Bc6 17. b3 Nc5 18. Qf1 Bxf3 19. gxf3 Nb7 20. Ne4 Nxe4 21. fxe4 Na5 22. Qe2 g6 (22... Qxe4 $2 23. Bd3 Qa8 24. Be4 $1 $18 {[%mdl 512]}) 23. Be5 Rc5 24. Bd4 Rc6 25. Ba1 Qc8 26. Qb2 {[%csl Ga1][%cal Rb2h8]} f6 $132 {[%mdl 2048] Black is fighting back (3)} 27. Bf1 Rac7 {[%cal Rc6c1]} 28. Rb1 Rc2 29. Qd4 Ra2 $2 (29... R7c5 $11 {and Black has nothing to worry.}) 30. Qxb6 $18 Rcc2 $2 (30... Rc5 {keeps fighting.} 31. Bxa6 Qc6 32. Qxc6 Nxc6) 31. Qxa5 Rxf2 32. Rbc1 (32. Qxa6 Qxa6 33. Bxa6 Rg2+ 34. Kh1 Rh2+ 35. Kg1 Rag2+ 36. Kf1 Rf2+ 37. Kg1 Rfg2+ 38. Kf1 Rf2+ 39. Kg1 Rfg2+ $11) 32... Rfc2 33. Bc3 (33. Qxa6 Rxc1 34. Qxc8+ (34. Rxc1 $2 Qxc1 35. Qxe6+ Kf8 $19) 34... Rxc8 $17) (33. Qd2 Qc7 34. Qf2 (34. Rxc2 $2 Rxc2 35. Be5 Rxd2 36. Bxc7 Rxd1 $19) 34... Rxc1 35. Rxc1 Qxc1 36. Qxa2 Qxe3+ 37. Qf2 Qxb3 38. Bxf6 Bxf6 $18) 33... Qc6 34. Rxc2 (34. Bxa6 Rg2+ 35. Kf1 Qxe4 36. Be2 Rgxe2 37. Rd8+ Kf7 38. Rf8+ Kxf8 39. Qg5 Qh1+ 40. Qg1 Qxh3+ 41. Qg2 Qxg2#) 34... Rxc2 35. Bd2 (35. Bxa6 $2 Qxe4 36. Rd8+ Kf7 $19) (35. Qxa6 Qxc3 36. Qd3 (36. Qxe6+ Kf8 37. Bd3 Ra2 $17) 36... Qc7 $15) (35. Bb4 Qxe4 36. Rd8+ (36. Bxe7 Qxe3+ 37. Kh1 Qf3+ 38. Kg1 Qg3+ 39. Kh1 Qh2#) 36... Kg7 $11) 35... Qxe4 36. Qxa6 Rxd2 37. Rxd2 Qxe3+ 38. Rf2 Bc5 {[#]} 39. Qe2 $1 {[%cal Re2e3] Strongly threatening Qxe3.} Qg3+ $2 (39... Qxb3 40. a5 Qc3) 40. Bg2 Qxb3 41. a5 {[%cal Ba4a5,Ba5a6][%mdl 32]} Kf7 42. a6 Qa3 43. Bf3 f5 44. Kg2 Bxf2 45. Kxf2 Kf6 46. Kg2 e5 47. Qc4 Qe3 48. Qh4+ Ke6 49. Qc4+ (49. Qxh7 Qd2+ 50. Kg3 (50. Kf1 Qc1+ 51. Kf2 Qd2+ 52. Kg3 Qf4+ 53. Kf2 Qd2+ 54. Be2 Qf4+ 55. Kg2 Qg5+ 56. Kf2 Qf4+ 57. Kg2 Qg5+ 58. Bg4 fxg4 $11) 50... Qf4+ 51. Kf2 Qd4+ 52. Kf1 Qc4+ 53. Kg2 Qc2+ 54. Kh1 Qc1+ 55. Kh2 Qd2+ 56. Kh1 (56. Bg2 Qf4+ 57. Kh1 Qc1+ 58. Kh2 Qf4+ 59. Kh1 Qc1+ 60. Kh2 Qf4+ $11) 56... Qe1+ 57. Kh2 (57. Kg2 Qd2+ 58. Kg1 Qe3+ 59. Kg2 Qd2+ $11) 57... Qf2+ 58. Bg2 Qf4+ 59. Kh1 Qc1+ 60. Kh2 Qf4+ 61. Kg1 Qe3+ 62. Kf1 Qc1+ 63. Kf2 Qd2+ 64. Kf3 (64. Kg1 Qe3+ 65. Kh1 Qc1+ 66. Kh2 Qf4+ $11) 64... Qd3+ 65. Kf2 Qd2+ 66. Kf3 (66. Kg1 Qe3+ 67. Kh2 Qf4+ $11) 66... Qd3+ 67. Kf2 Qd2+ $11) (49. Qf2 $142 Qg5+ 50. Kh1 Qc1+ 51. Qg1 Qa3 52. a7 Qxf3+ 53. Qg2 Qd1+ 54. Kh2) 49... Kf6 {and the idea ...e4 leaves Black hopeful.} 50. Qh4+ (50. Qc6+ $18 Kg7 51. Qd7+ Kh6 52. a7) 50... Ke6 {intending ...e4.} 51. Qf2 (51. Qxh7 Qd2+ 52. Kg3 (52. Kf1 Qc1+ 53. Kf2 Qd2+ 54. Kg3 Qe1+ 55. Kh2 Qd2+ 56. Kh1 Qe1+ 57. Kh2 Qf2+ 58. Bg2 Qf4+ 59. Kh1 Qc1+ 60. Kh2 Qf4+ 61. Kg1 Qe3+ 62. Kf1 Qd3+ 63. Kg1 Qe3+ 64. Kf1 Qd3+ 65. Kf2 Qd4+ 66. Ke2 Qc4+ 67. Kf3 Qe4+ 68. Kf2 Qd4+ 69. Kf3 Qe4+ 70. Kf2 Qd4+ $11) 52... Qg5+ 53. Bg4 Qe3+ 54. Kh2 Qf2+ 55. Kh1 Qf1+ 56. Kh2 Qf2+ 57. Kh1 Qf1+ 58. Kh2 Qf2+ $11) 51... Qg5+ 52. Kh1 Qc1+ 53. Qg1 Qa3 54. a7 e4 55. Qb6+ {White mates.} Kd5 56. Bg2 ({Not} 56. Bxe4+ fxe4 57. Qd8+ Kc4 58. Qc7+ Kd3 $16) 56... Qa1+ 57. Kh2 Qe5+ 58. Kg1 Qa1+ 59. Bf1 1-0

[Event "Memorial Jorge Szmetan 2017"]
[Site "Buenos Aires"]
[Date "2017.04.26"]
[Round "10"]
[White "Flores, Diego"]
[Black "Van Riemsdijk, Herman C"]
[Result "1-0"]
[WhiteElo "2568"]
[BlackElo "2318"]
[Annotator "TA"]
[PlyCount "39"]
[EventDate "2017.04.17"]
[EventType "tourn"]
[EventCountry "ARG"]
[SourceTitle "playchess.com"]
[Source "ChessBase"]
[SourceQuality "1"]

{[%evp 16,39,34,33,51,36,33,43,39,28,35,35,60,45,160,156,156,151,299,299,475,467,467,467,471,467]} 1. c4 e6 2. Nc3 d5 3. d4 Nf6 4. cxd5 exd5 5. Bg5 Bb4 6. e3 h6 7. Bh4 Nbd7 8. Bd3 c6 9. Nf3 {[%cal Bg1f3,Bf3e5,Be5g6][%mdl 32]} Be7 {D35: Queen's Gambit Declined: Exchange Variation} (9... O-O 10. O-O Re8 11. Qc2 b6 12. Qa4 Bxc3 13. Qxc6 Bxb2 14. Rab1 Rb8 15. Rxb2 Bb7 16. Qd6 Rc8 17. a4 g5 18. Bg3 Re6 19. Qb4 {1-0 (29) Riazantsev,A (2646)-Zhang,Z (2619) Berlin 2015}) 10. Qc2 Nh5 11. Bxe7 Qxe7 {White is slightly better.} 12. O-O-O $146 (12. O-O O-O 13. Rab1 Nhf6 14. b4 a6 15. a4 Rd8 16. Rfc1 Ne8 17. b5 Nd6 18. bxc6 bxc6 19. a5 Bb7 20. Na4 Nb5 {1-0 (42) Rossetto,H-Mangini,J Rio de Janeiro 1957}) 12... Nb6 13. Ne5 Be6 14. Kb1 O-O-O (14... Nf6 $14) 15. Nb5 $1 $36 {[%cal Rb5a7][%mdl 2048] White is on the roll.} Kb8 16. Qxc6 $1 f6 {[#]} (16... Nf6 $16 17. Qc5 Rhe8) 17. Ng6 $1 $18 {[%cal Rg6e7]} Qd7 (17... bxc6 $142 18. Nxe7 cxb5) 18. Qxd7 {White is clearly winning.} Bxd7 19. Nxh8 Rxh8 20. Nd6 1-0